=LDR 00000nam 2200000 4500 =001 INLIS000000000002208 =005 20130612090549 =008 ***********************************Ind** =035 ##$$a0010-061300000002208 =041 ##$$a Ind =082 ##$$a 813.081 =090 ##$$a 813.081, Abd p =100 ##$$a Abdulmanap, Soerowo =245 ##$$a Pelajar berjuang, Roman sejarah, Soerono Abdulmanap, Tanda Huria Manurung =260 ##$$a 1983 $b Jakarta =300 ##$$a 372 hlm., ilus, 21 cm =650 ##$$a Kesusastraan Indonesia-Roman Sejarah =700 ##$$a Manurung, Tanda Huria =850 ##$$a NBPNMAT =990 ##$$a 0001/BPAP-NTB/20142014